| 000 | 00494nam a2200205Ia 4500 | ||
|---|---|---|---|
| 003 | 0100 | ||
| 008 | 130227s9999 xx 000 0 und d | ||
| 040 | _cARRUPELIB | ||
| 050 | _aHD2128.5.M66 | ||
| 100 | _aMombeshora, Solomon | ||
| 245 | _aAgrarian change in Tanzania | ||
| 260 | _aHarare | ||
| 260 | _bMond Publishers | ||
| 260 | _C2000 | ||
| 300 | _a141p. | ||
| 300 | _b 23 cm | ||
| 650 | _bBible NT Concordances, English | ||
| 650 | _cBible NT Gospels--Harmonies | ||
| 942 |
_2lcc _01 |
||
| 999 |
_c926 _d926 |
||